000 00345nam a2200145 i 4500
001 bg
100 1 _aANGER, Arhur L.
245 0 _aComputer science :
_bthe PL/1 language /
_cArthur L. Anger.
260 _aNew York,
_c1972.
040 _cBPK
041 _apol
080 _a519.682
942 _cKS
008 s pl f |000 0 pol
999 _c15224
_d15224
856 _uhttp://koha.tu.koszalin.pl/cgi-bin/koha/opac-detail.pl?biblionumber=15224
_yKatalog online BPK